A história do pequeno ganso que era vagaroso (Registo nº 4172)

Detalhes MARC
000 -Etiqueta do registo
Cabeçalho 00791cam a2200265 4500
005 - Identificador da versão
Campo de controlo 20240813122054.0
095 ## -
-- PTBN00467637
010 ## - Número internacional normalizado dos livros (ISBN)
Número (ISBN) 9722108069
021 ## - Número do Depósito Legal
Código do país PT
Número 60083/93
100 ## - Dados gerais de processamento
Dados gerais de processamento 20170117d1993 cd y0pory5003 ba
102 ## - Pais de publicação ou produção
País de publicação Portugal
101 1# - Língua de publicação
Língua do texto, banda sonora, etc. Português
Língua do documento no original Alemão
215 ## - Descrição física 
Indicação específica da natureza do documento e extensão da espécie 107, [4] p.
Outras indicações físicas il
200 1# - Titulo e menção de responsabilidade
Título próprio A história do pequeno ganso que era vagaroso
Primeira menção de responsabilidade Hanna Johansen
Outras menções de responsabilidade il. Käthi Bhend
210 ## - Publicação, Distribuição, etc. 
Lugar da edição, distribuição, etc. Lisboa
Nome do editor, distribuidor, etc. Caminho
Data da publicação, distribuição, etc. D.L. 1993
606 ## - Nome comum usado como assunto
Número de registo de entrada de autoridade 0001462
Palavra de ordem Literatura alemã
Subdivisão de assunto Conto
Código do sistema CA
675 ## - Classificação Decimal Universal (CDU)
Notação 821.112.2-34
Edição 3ª ed.
Língua da edição por
702 #1 - Nome de autor-pessoa física (responsabilidade secundária)
Número de registo de entrada de autoridade 0000800
Palavra de ordem Bhend
Outra parte do nome não tomada para palavra de ordem Käthi
Datas 1942-
Código de função Ilustrador / Técnico de desenho computorizado
Número de registo de entrada de autoridade 0000801
Palavra de ordem Sousa
Outra parte do nome não tomada para palavra de ordem Isabel de Almeida e
Código de função Tradutor
700 #1 - Nome de autor-pessoa física (responsabilidade principal)
Número de registo de entrada de autoridade 0000799
Palavra de ordem Johansen
Outra parte do nome não tomada para palavra de ordem Hanna
Datas 1939-
966 ## - Identificação da Biblioteca
Sigla EBVEN
942 ## - Elementos de entrada adicionados (Koha)
Tipo de item no Koha Livro
Exemplares
Situação do levantamento Origin of item (home branch) (coded) Biblioteca de empréstimo Código de barras Cota Circulation type (not for loan) Tipo de documento Nota do exemplar Damaged status
  Biblioteca Escolar das Vendas Biblioteca Escolar das Vendas BEV98 8EST JOH   Livro Sem mensagem